[Event "San Francisco TNM Wilkerson U2000 op"]
[Site "San Francisco"]
[Date "2020.02.04"]
[Round "4"]
[White "Malykin, Erika"]
[Black "Poling, Scott"]
[Result "1-0"]
[WhiteElo "1657"]
[BlackElo "1774"]
[PlyCount "55"]
[EventDate "2020.01.07"]
[EventType "swiss"]
[EventRounds "7"]
[EventCountry "USA"]
[SourceTitle "EXT 2021"]
[Source "ChessBase"]
[SourceDate "2020.10.23"]
[SourceVersion "1"]
[SourceVersionDate "2020.10.23"]
[SourceQuality "1"]

1. d4 Nf6 2. Nf3 e6 3. Bg5 Be7 4. Nbd2 h6 5. Bxf6 Bxf6 6. e4 d5 7. e5 Be7 8. c3 c5 9. Bb5+ Nc6 10. dxc5 Bxc5 11. Nb3 Bb6 12. Nbd4 Bd7 13. Qa4 a6 14. Nxc6 Bxf2+ 15. Kxf2 Qb6+ 16. Qd4 Qxb5 17. Nb4 Rc8 18. Qe3 a5 19. Nd4 Qc4 20. Nd3 0-0 21. Rhf1 b5 22. Kg1 Rb8 23. Nf4 Rfc8 24. Nh5 Be8 25. Nf6+ Kf8 26. Nxe6+ fxe6 27. Nd7+ Ke7 28. Nxb8 1-0

[Event "San Francisco TNM Summer op"]
[Site "San Francisco"]
[Date "2017.06.13"]
[Round "4"]
[White "Chan, John"]
[Black "Malykin, Erika"]
[Result "1-0"]
[WhiteElo "1582"]
[BlackElo "1612"]
[PlyCount "49"]
[EventDate "2017.05.23"]
[EventType "swiss"]
[EventRounds "8"]
[EventCountry "USA"]
[SourceTitle "EXT 2023"]
[Source "ChessBase"]
[SourceDate "2022.10.05"]
[SourceVersion "1"]
[SourceVersionDate "2022.10.05"]
[SourceQuality "1"]

1. d4 Nf6 2. Nf3 e6 3. c3 c5 4. e3 d5 5. Nbd2 cxd4 6. exd4 Bd6 7. Bd3 Bd7 8. a3 Qc7 9. g3 Nc6 10. c4 dxc4 11. Nxc4 h6 12. Bd2 a6 13. Rc1 Rc8 14. 0-0 0-0 15. b4 b5 16. Ne3 Qb6 17. Bc3 Ne7 18. Qe2 Bc6 19. Nd2 Ned5 20. Bb2 Nxe3 21. fxe3 Rfe8 22. Nf3 Bxf3 23. Qxf3 Nd7 24. Qxf7+ Kh8 25. Qg6 1-0

[Event "San Francisco TNM Summer op"]
[Site "San Francisco"]
[Date "2014.07.15"]
[Round "8"]
[White "Malykin, Erika"]
[Black "Otterbach, Renate"]
[Result "1-0"]
[WhiteElo "1567"]
[BlackElo "994"]
[PlyCount "45"]
[EventDate "2014.05.27"]
[EventType "swiss"]
[EventRounds "8"]
[EventCountry "USA"]
[SourceTitle "EXT 2016"]
[Source "ChessBase"]
[SourceDate "2015.10.08"]
[SourceVersion "1"]
[SourceVersionDate "2015.10.08"]
[SourceQuality "1"]

1. e4 e6 2. Nf3 d5 3. exd5 exd5 4. d4 c5 5. Bb5+ Bd7 6. Qe2+ Qe7 7. Be3 a6 8. Bxd7+ Nxd7 9. Nc3 Ngf6 10. 0-0 h6 11. h3 c4 12. Rfe1 Ne4 13. Nxd5 Qd6 14. Qxc4 Qc6 15. Qxc6 bxc6 16. Nc7+ Kd8 17. Nxa8 Kc8 18. Bf4 Nd6 19. Ne5 g5 20. Bg3 Nf6 21. Nb6+ Kc7 22. Nxf7 Rg8 23. Nc4 1-0